Statistics for Premier league A to Z 2020/21

Click here to take the quiz!

General Stats

  • This quiz has been taken 170 times
    (150 since last reset)
  • The average score is 20 of 25

Answer Stats

ClueLetterAnswer% Correct
Sergio Aguero is from this countryAArgentina
99%
First name of Tottenham players Kane and WinksHHarry
96%
Pierre Emile Hojbjerg is from this nationDDenmark
95%
Chelsea legend who is now manager Frank --------LLampard
95%
First name of players Walker and Walker PetersKKyle
94%
The premier league's second monthOOctober
92%
Virgil ----- DijkVVan
92%
Jordan Ayew is from this countryGGhana
91%
Tottenham player Heung ---- SonMMin
91%
Club who have signed Callum Wilson and Jamal LewisNNewcastle
91%
Nation where Christian Pulisic is fromUUnited States
90%
Arsenal player Granit ----------XXhaka
90%
Neeskens Kebano plays for this clubFFulham
89%
Complete the name of this premier league player Dominic Calvert Lew--IIn
88%
Aston Villa player ----- BarkleyRRoss
88%
Premier league team ---------- UnitedSSheffield
87%
Leeds manager Marcelo ---------BBielsa
86%
Chelsea player signed from Ajax Hakim ---------ZZiyech
80%
Leeds' stadium -------- RoadEElland
77%
Premier league club their manager is Sam AllardyceWWest Brom
75%
Paul ------------PPogba
68%
Burnley's nickname the --------CClarets
61%
Brighton midfielder ------- BissoumaYYves
60%
Newcastle player signed from Burnley ----- HendrickJJeff
45%
Crystal palace player signed from EvertonTTosun
19%

Score Distribution

Percentile by Number Answered

Percent of People with Each Score

Your Score History

You have not taken this quiz since the last reset